Essentials of human resource management and industrial relations (Record no. 19677)

MARC details
000 -LEADER
fixed length control field 00512nam a2200181Ia 4500
008 - FIXED-LENGTH DATA ELEMENTS--GENERAL INFORMATION
fixed length control field 230917s9999||||xx |||||||||||||| ||und||
020 ## - ISBN
Price RS1500
040 ## - CATALOGING SOURCE
-- 235550
Original cataloging agency VIVEKANANDA LIBRARY
041 ## - Language
-- English
082 ## - DDC NUMBER
Classification number 658.3 S14E(5)
100 ## - MAIN ENTRY--PERSONAL NAME
Personal name Subba Rao, P
245 #0 - TITLE STATEMENT
Title Essentials of human resource management and industrial relations
250 ## - EDITION STATEMENT
Edition statement 5th ed.
260 ## - PUBLICATION, DISTRIBUTION, ETC. (IMPRINT)
Place of publication, distribution, etc Mumbai
Name of publisher, distributor, etc Himalaya Publishing House
Date of publication, distribution, etc 2012
300 ## - PHYSICAL DESCRIPTION
Pages 685 p.
500 ## - GENERAL NOTE
General note 2445 03/11/2016 HBD16/6711 10/11/2016 Main Budget
942 ## - ADDED ENTRY ELEMENTS (KOHA)
Koha item type Books
Holdings
Withdrawn status Lost status Damaged status Not for loan Location (home branch) Sublocation or collection (holding branch) Date acquired Koha issues (times borrowed) Koha full call number Accession No. Koha date last seen Koha item type
        VIVEKANANDA LIBRARY VIVEKANANDA LIBRARY 16/12/2016   658.3 S14E(5) 354290 17/09/2023 Books
        VIVEKANANDA LIBRARY VIVEKANANDA LIBRARY 16/12/2016   658.3 S14E(5) 354291 17/09/2023 Books
        VIVEKANANDA LIBRARY VIVEKANANDA LIBRARY 16/12/2016   658.3 S14E(5) 354292 17/09/2023 Books
        VIVEKANANDA LIBRARY VIVEKANANDA LIBRARY 16/12/2016   658.3 S14E(5) 354293 17/09/2023 Books
© Designed and Maintained by Vivekananda Library, MDU Rohtak